Промяната винаги е възможна (Запис номер 149711)
[ съкратено ]
| 000 -Лидер | |
|---|---|
| Контролно поле с фиксирана дължина | 02657nam a2200517 c 4500 |
| 003 - Код на организацията, давaща контролен номер | |
| Контролно поле | BLK |
| 005 - Дата и час на последна редакция | |
| Контролно поле | 20241029153920.0 |
| 008 - Елементи от данни с фиксирана дължина | |
| fixed length control field | 180410b bul|||||r ||||||| ||bul|| |
| 010 ## - Наследен системен номер | |
| LC control number | KNG00156011000 |
| 020 ## - Международен стандартен номер на книга ISBN | |
| Международен стандартен номер на книга ISBN | 978-954-26-1124-0 |
| 040 ## - Източник на каталожния запис | |
| Идентификатор на билиотеката - собственик на записа | BLK |
| 041 ## - Код за език | |
| Код за езика на текст/звукозапис или на отделно заглавие | Български |
| Код за езика КДБФ | Български |
| 072 #7 - Код за тематичната категория | |
| Код организация | bullib |
| Код за тематична категория | Н17 |
| Текст | Етика Н |
| 080 ## - УДК | |
| Текстов определител УДК | Етика на бизнеса. Успех |
| УДК код - определител по УДК | 174.4 |
| УДК - код + определител | 174.4 |
| 080 ## - УДК | |
| Текстов определител УДК | Социално поведение. Девиантно поведение. Социална патология. Активност и пасивност, конвенционално поведение, мотивация, потребности, стремежи |
| УДК код - определител по УДК | 316.62 |
| УДК - код + определител | 316.62 |
| 080 ## - УДК | |
| Текстов определител УДК | Индивидуална психология. Психология на личността. Индивидуалност. Психология на характера. Характерология. Психологическа типология |
| УДК код - определител по УДК | 159.923 |
| УДК - код + определител | 159.923 |
| 100 1# - Редна дума - Автор | |
| Автор | Патерсън, Кери |
| Авторска отговорност | първи автор |
| R(LIN) | 324895 |
| 139 ## - Редно поле | |
| Редна дума | Промяната винаги е възможна |
| Авторски знак | Прод - П 91 |
| 245 10 - Сведения за заглавието | |
| Заглавие | Промяната винаги е възможна |
| Подзаглавни данни | Новата наука за постигане на личен успех |
| Редно поле (дума) | Кери Патерсън; прев. от англ. Ангелин Димитров Мичев; * Джоузеф Грени; * Дейвид Максфийлд; * Рон МакМълън; * Ал Суицлър. |
| 257 ## - Страна на издаване | |
| Страна на създаване/издаване | Съединени американски щати |
| 260 ## - Област на издателските данни | |
| Име на издателя, разпространителя и проч. | Хермес |
| Година на издаване | 2012 |
| Печатница | Хасково : Полиграфюг |
| 300 ## - Физическа характеристика | |
| Страници | 271 с. |
| Илюстрации и др. | с ил., портр. |
| Размери/Мащаб | 21 см |
| 380 ## - Жанр | |
| Жанр | Философия |
| 490 1# - СЕРИИ (Колекции) | |
| Име на серия | Психология за всеки ден |
| 500 ## - Общи забележки | |
| Забележка | Ориг. загл. Change Anything. - Азб. показалец. - Библиогр. с. 251-261. |
| 650 #4 - Допълнително описание по предмет – тема | |
| Основно описание – тема или топоним | Успех |
| 9 (RLIN) | 174913 |
| 650 #4 - Допълнително описание по предмет – тема | |
| Основно описание – тема или топоним | Поведение |
| 9 (RLIN) | 166567 |
| 650 #4 - Допълнително описание по предмет – тема | |
| Основно описание – тема или топоним | Личност - психология |
| 9 (RLIN) | 243160 |
| 653 ## - Ключова дума – ненормативна | |
| Ключова дума | бизнес етикет |
| 653 ## - Ключова дума – ненормативна | |
| Ключова дума | психология на личността |
| 653 ## - Ключова дума – ненормативна | |
| Ключова дума | социална психология |
| 653 ## - Ключова дума – ненормативна | |
| Ключова дума | успех |
| 659 ## - Тематичен бюлетин | |
| Тематичен бюлетин | Н |
| 700 1# - Други автори (авторска отговорност) | |
| Лично име | Мичев, Ангелин Димитров |
| 9 (RLIN) | 98175 |
| 700 1# - Други автори (авторска отговорност) | |
| Лично име | Грени, Джоузеф |
| Автороска отговорност (Описва отношението между автора и произведението) | * |
| 9 (RLIN) | 55968 |
| 700 1# - Други автори (авторска отговорност) | |
| Лично име | Максфийлд, Дейвид |
| Автороска отговорност (Описва отношението между автора и произведението) | * |
| 9 (RLIN) | 91473 |
| 700 1# - Други автори (авторска отговорност) | |
| Лично име | МакМълън, Рон |
| Автороска отговорност (Описва отношението между автора и произведението) | * |
| 9 (RLIN) | 330629 |
| 700 1# - Други автори (авторска отговорност) | |
| Лично име | Суицлър, Ал |
| Автороска отговорност (Описва отношението между автора и произведението) | * |
| 9 (RLIN) | 126740 |
| 852 ## - Местоположение | |
| Форматна сигнатура | Цб 263117 |
| 856 4# - Електронен адрес и достъп | |
| Електронен формат | pdf - файл |
| 856 4# - Електронен адрес и достъп | |
| Електронен формат | pdf - файл |
| 999 ## - СИСТЕМНИ КОНТРОЛНИ НОМЕРА | |
| Koha biblionumber | 149711 |
| Koha biblioitemnumber | 149711 |
| 942 ## - АРТИКУЛИ | |
| Вид на библиотечния материал | Книги |
| Скрит в OPAC | Не |
| Koha issues (borrowed), all copies | 16 |
| 944 ## - СЪЗДАВАНЕ И РЕДАКЦИЯ на ЗАПИСА | |
| Създаване/Редакция | Създаване |
| Дата на регистрацията/редакция | 24.01.2014 |
| Статус, дата на статуса | Геновева Генчева |
| Служител, извършил регистрацията/редакцията | 30560 |
| 944 ## - СЪЗДАВАНЕ И РЕДАКЦИЯ на ЗАПИСА | |
| Създаване/Редакция | Редакция |
| Дата на регистрацията/редакция | 25.09.2014 |
| Статус, дата на статуса | ф / |
| 999 ## - СИСТЕМНИ КОНТРОЛНИ НОМЕРА | |
| Koha biblioitemnumber | 149711 |
| Код за отписване | Код за изгубен артикул | Код за повреда | Коз за рестрикции | Код за отдаване | Артикулен № | Име на библиотеката - собственик | Име на библиотеката, в която се намира в момента | Статус (Текущо местоположение) | Дата на вписване в системата | Местоположение - отдел | Цена в лева | Инвентарен номер | Систематично азбучна сигнатура | Баркод | Номер на екземпляра | Цена в евро | Служебна бележка | Служебен тип на артикула | Източник на класификационната схема |
|---|---|---|---|---|---|---|---|---|---|---|---|---|---|---|---|---|---|---|---|
| Не е изгубен | Не е повреден | без рестрикции | ползва се в читалня | 250091 | Регионална библиотека "Любен Каравелов" Русе | Регионална библиотека "Любен Каравелов" Русе | Хранилище | 2014-01-27 | Хранилище | 12.95 | 120000773846 | Цб 263117 | 120000773846 | 1 | 6.62 | Дост: Dp Вид: Д N: 3 Дата: 22.01.2013 | Книги | ||
| Не е изгубен | Не е повреден | без рестрикции | заемане за дома | 729608 | Регионална библиотека "Любен Каравелов" Русе | Регионална библиотека "Любен Каравелов" Русе | Заемна - подръчен фонд | 2019-07-10 | Заемна - подръчен фонд | 12.95 | П 17/П 91 | 120000833593 | 6.62 | Книги | Universal Decimal Classification |